00895nam a2200229Ia 4500008004100000020001500041245015800056246003500214246004700249250001200296260003800308300005700346504004100403500002000444538005100464650004400515650005300559710002600612003000100638005001700639040000900656  a097141414900aComputer applications in hydraulic engineering :bconnecting theory to practice /c[contributing authors], Haestad Methods Engineering Staff ... [et al.]30aConnecting theory to practice.0 aAt head of title:awww.haestadmethods.com. a5th ed. aWaterbury:bHaestad Press,c2002. axi, 375 p. :bill. ;c24 cm. +e1 CD-ROM (4 3/4 in.) aIncludes bibliographical references. aIncludes index. aSystem requirements: Windows 95/98/ME/NT/2000. 0aHydraulic engineeringxData processing. 0aHydraulic engineeringvProblems, exercises, etc.2 aHaestad Methods, Inc.20230123134348.0 cNUST